Enduro ma stále ťahá za srdce s Jánom Hrehorom, strieborným medailistom z tothoročných majstrovstiev Európy v terénnych súťažiach motocyklov

Bibliographic Details
Main Author: Hrehor, Ján, 1964- (Author)
Format: Article
Language:Slovak
Subjects:

MARC

LEADER 00000nab a2200000 a 4500
001 vtls000675132
003 SK-MaSNL
005 20260302190519.0
008 180205c1998 xo 0 slo
015 |a SNBRB1998/11-24427 
035 |a CLN000027307 
040 |a SNKBUCL  |b slo  |c SNKBUCL  |e AACR2 
041 0 |a slo 
044 |a xo  |c SK 
080 |a 796.72.071  |2 UDC-MRF-SK2 
100 1 |a Hrehor, Ján,  |d 1964-  |4 aut  |9 105828 
245 1 0 |a Enduro ma stále ťahá za srdce  |b s Jánom Hrehorom, strieborným medailistom z tothoročných majstrovstiev Európy v terénnych súťažiach motocyklov 
300 |b Fotogr. 
600 1 7 |a Hrehor, Ján  |2 snkbucl  |9 904709 
655 7 |a články z novín a časopisov  |2 snkbucl  |9 267496 
773 0 |t Šport  |g Roč. 52, č. 267 (18.11.1998), s. 39 
850 |a Slovenská národná knižnica v Martine 
852 |a SNK  |b KIS3GCP 
958 |a RBX 
999 |c 1433713  |d 1435643